TLC con Estados Unidos: contribuciones para el debate /
El artículo presenta un análisis del impacto que podría tener lo que suceda en el sector exportador sobre la generación o disminución de los empleos en Costa Rica, en el marco del TLC negociado con Estados Unidos. Se señala que contrario a lo que el COMEX asegura, el empleo nacional vinculado a las...
Furkejuvvon:
| Váldodahkki: | |
|---|---|
| Searvvušdahkki: | |
| Eará dahkkit: | |
| Materiálatiipa: | Texto |
| Almmustuhtton: |
San José:
Instituto de Investigaciones Sociales,
Universidad de Costa Rica
|
| Fáttát: | |
| Fáddágilkorat: |
Lasit fáddágilkoriid
Eai fáddágilkorat, Lasit vuosttaš fáddágilkora!
|
MARC
| LEADER | 00000 a a2200000 04500 | ||
|---|---|---|---|
| 001 | 30751 | ||
| 003 | |||
| 040 | |||
| 020 | |a 9968-861-00-6 | ||
| 090 | |a 0001 F634d | ||
| 100 | |a Flórez - Estrada Pimentel, María | ||
| 110 | |a Universidad de Costa Rica | ||
| 245 | |a TLC con Estados Unidos: contribuciones para el debate / |c María Flórez - Estrada Pimentel | ||
| 260 | |a San José: |b Instituto de Investigaciones Sociales, |c Universidad de Costa Rica | ||
| 300 | |a 435 p. | ||
| 500 | |a Ver resumen en: 0008 C355t | ||
| 520 | |a El artículo presenta un análisis del impacto que podría tener lo que suceda en el sector exportador sobre la generación o disminución de los empleos en Costa Rica, en el marco del TLC negociado con Estados Unidos. Se señala que contrario a lo que el COMEX asegura, el empleo nacional vinculado a las exportaciones no resultaría amenazado de no aprobarse este tratado, puesto que el sector exportador genera un 30 | ||
| 650 | |a TLC | ||
| 650 | |a EMPLEO | ||
| 650 | |a EXPORTACIONES | ||
| 650 | |a VOLUMEN DE LAS EXPORTACIONES | ||
| 650 | |a VALOR DE LAS EXPORTACIONES | ||
| 650 | |a INGRESOS POR EXPORTACIONES | ||
| 650 | |a MERCADO INTERNO | ||
| 650 | |a DESEMPLEO ESTRUCTURAL | ||
| 650 | |a SEGURIDAD LABORAL | ||
| 650 | |a SEGURIDAD SOCIAL | ||
| 650 | |a EMPRESAS | ||
| 650 | |a EMPRESAS MEDIANAS | ||
| 650 | |a PEQUEÑAS EMPRESAS | ||
| 650 | |a VALOR DE LAS EXPORTACIONES | ||
| 650 | |a EMPLEO | ||
| 650 | |a VOLUMEN DE LAS EXPORTACIONES | ||
| 700 | |a ed. |a Gerardo Hernández |a ed. | ||
| 999 | |c 5393 |d 5393 | ||



